Normal view
MARC view
Entry Corporate Name
001 - CONTROL NUMBER
- control field: 26425
003 - CONTROL NUMBER IDENTIFIER
- control field: Doon University
005 - DATE AND TIME OF LATEST TRANSACTION
- control field: 20260226125314.0
008 - FIXED-LENGTH DATA ELEMENTS
- fixed length control field: 260226|| aca||aabn | a|a d
040 ## - CATALOGING SOURCE
- Original cataloging agency: Doon University
- Transcribing agency: Doon University
110 ## - HEADING--CORPORATE NAME
- Corporate name or jurisdiction name as entry element: Rao, P. Mohana (ed)
670 ## - SOURCE DATA FOUND
- Source citation: Work cat.: (Doon University)60469: Rao, P. Sasi Bhushana (ed) 26424, Environment Management and Audit, 2022